000 00647nam a2200289Ia 4500
005 20260401122044.0
008 008 250103s9999 xx 000 0 eng d
037 _aTB
040 _aEDL
040 _beng
040 _cEDL
041 _2eng
041 _aeng
084 _a894.8273 RED
084 _qEDL
100 _aReddy, Kesava
_91232456
245 0 _aHe Conquered the Jungle: Athadu Adavini Jayinchadu
245 0 _cReddy, Kesava
260 _aMadras
260 _bMacmillan
260 _c1998
300 _a65p
942 _cTB
942 _h894.8273 RED
999 _c1844624
_d1844624